Sports Quiz

Random Sports or NBA Quiz

NBA Most 1,000 pt. Players by College Quiz Stats

 Plays Quiz Updated Oct 28, 2018

Challenge
Share
Tweet
Embed
Score 0/30 Timer 06:00
20 Plays Today
# of players College % Correct
32Duke University
95.7%
48University of California, LA
95.5%
50University of North Carolina
93.4%
46University of Kentucky
88.3%
29University of Kansas
83.4%
26Ohio State University
83.3%
23University of Michigan
80.2%
19Michigan State University
80.1%
29Indiana University
78.6%
23University of Arizona
68.2%
20Georgia Institute of Technology
67.2%
23Syracuse University
67%
18University of Illinois at Urbana-Champaign
65.7%
20University of Southern California
64.8%
16Louisiana State University
64.5%
# of players College % Correct
17University of Maryland
63.9%
17Georgetown University
63.9%
24University of Louisville
56.9%
20University of Connecticut
55.5%
19Villanova University
49.7%
16University of Iowa
49%
22University of Minnesota
47.6%
21University of Notre Dame
47.5%
16University of Arkansas
46.4%
19Stanford University
46.2%
16University of Memphis
43.7%
17University of Houston
36.4%
17University of Alabama
34.9%
18University of Cincinnati
34.4%
18Providence College
19.4%

You're not logged in!

Compare scores with friends on all Sporcle quizzes.
OR
Log In

You Might Also Like...

Show Comments

Extras

Top Quizzes Today


Score Distribution

Your Account Isn't Verified!

In order to create a playlist on Sporcle, you need to verify the email address you used during registration. Go to your Sporcle Settings to finish the process.

Report this User

Report this user for behavior that violates our Community Guidelines.

Details: